000 00831cam a2200229 a 4500
003 OSt
005 20260428160838.0
008 010809s2001 ii a b 101 0 eng
020 _a8173043868
040 _cHDL
041 _aeng
082 0 0 _a294.5211 P1
245 0 0 _aJagannath revisited :
_bstudying society, religion, and the state in Orissa /
_cedited by Hermann Kulke, Burkhard Schnepel.
260 _aNew Delhi :
_bManohar,
_c2001.
300 _avi, 411 p.
440 0 _aStudies in Orissan society, culture, and history ;
_vv. 1
_91235912
651 0 _aOdisha (India)
_xReligious life and customs
_91235913
651 0 _aOdisha (India)
_xHistory
_91235914
655 7 _aConference papers and proceedings.
_2lcgft
_0https://id.loc.gov/authorities/genreForms/gf2014026068
942 _2CC
_cTEXL
_n0
999 _c1848609
_d1848609